[Event "DEM U16 2025"]
[Site "Willingen GER"]
[Date "2025.06.11"]
[Round "6"]
[White "Schwitkowski, Luka"]
[Black "Weber, Nikita"]
[Result "1-0"]
[Termination "normal"]
[Board "9"]
[WhiteElo "2129"]
[BlackElo "2074"]
[WhiteClock "01:05:41"]
[BlackClock "00:42:09"]
[PlyCount "38"]
[WhiteFideId "34610669"]
[BlackFideId "34608770"]
[EventCountry "GER"]
[EventRounds "9"]
[EventType "swiss"]
[EventDate "2025.06.07"]

1. e4 {[%clk 01:30:12]} {[%emt 00:00:47]} c5 {[%clk 01:30:59]} {[%emt
00:00:01]} 2. Nf3 {[%clk 01:30:32]} {[%emt 00:00:10]} Nc6 {[%clk 01:31:28]}
{[%emt 00:00:02]} 3. d4 {[%clk 01:31:00]} {[%emt 00:00:02]} cxd4 {[%clk
01:31:53]} {[%emt 00:00:06]} 4. Nxd4 {[%clk 01:31:23]} {[%emt 00:00:06]} Nf6
{[%clk 01:32:21]} {[%emt 00:00:02]} 5. Nc3 {[%clk 01:31:45]} {[%emt 00:00:09]}
e5 {[%clk 01:32:50]} 6. Ndb5 {[%clk 01:32:07]} {[%emt 00:00:09]} d6 {[%clk
01:33:18]} {[%emt 00:00:01]} 7. Nd5 {[%clk 01:31:30]} {[%emt 00:01:07]} Nxd5
{[%clk 01:33:12]} {[%emt 00:00:37]} 8. exd5 {[%clk 01:30:59]} {[%emt 00:01:00]}
Ne7 {[%clk 01:33:41]} {[%emt 00:00:01]} 9. c4 {[%clk 01:31:16]} {[%emt
00:00:14]} Ng6 {[%clk 01:34:10]} {[%emt 00:00:01]} 10. Qa4 {[%clk 01:31:29]}
{[%emt 00:00:17]} Bd7 {[%clk 01:34:38]} {[%emt 00:00:02]} 11. Qb4 {[%clk
01:31:57]} Qb8 {[%clk 01:35:01]} {[%emt 00:00:07]} 12. h4 {[%clk 01:30:53]}
{[%emt 00:01:33]} h5 {[%clk 01:35:08]} {[%emt 00:00:25]} 13. g3 {[%clk
01:28:32]} {[%emt 00:02:51]} a6 {[%clk 01:19:26]} {[%emt 00:16:13]} 14. Nc3
{[%clk 01:28:39]} {[%emt 00:00:22]} a5 {[%clk 01:15:30]} {[%emt 00:04:26]} 15.
Qb3 {[%clk 01:20:53]} {[%emt 00:08:16]} Be7 {[%clk 01:15:31]} {[%emt 00:00:30]}
16. Be2 {[%clk 01:16:43]} {[%emt 00:04:39]} a4 {[%clk 01:03:53]} {[%emt
00:12:08]} 17. Qd1 {[%clk 01:09:52]} {[%emt 00:07:21]} Qc7 {[%clk 01:03:34]}
{[%emt 00:00:49]} 18. Be3 {[%clk 01:08:56]} {[%emt 00:01:26]} O-O {[%clk
00:51:47]} {[%emt 00:12:18]} 19. Rc1 {[%clk 01:05:41]} {[%emt 00:03:45]} Nh8
{[%clk 00:42:09]} {[%emt 00:10:09]} 20. Ne4 {[%clk 00:39:57]} {[%emt 00:26:13]}
f5 {[%clk 00:41:24]} {[%emt 00:01:15]} 21. Bg5 {[%clk 00:36:07]} {[%emt
00:04:20]} fxe4 {[%clk 00:36:17]} {[%emt 00:05:37]} 22. Bxe7 {[%clk 00:36:32]}
{[%emt 00:00:05]} Rf7 {[%clk 00:23:56]} {[%emt 00:12:52]} 23. Bg5 {[%clk
00:36:49]} {[%emt 00:00:12]} g6 {[%clk 00:18:47]} {[%emt 00:05:40]} 24. Be3
{[%clk 00:36:14]} {[%emt 00:01:03]} Qa5+ {[%clk 00:16:30]} {[%emt 00:02:48]}
25. Qd2 {[%clk 00:35:51]} {[%emt 00:00:53]} Bg4 {[%clk 00:16:33]} {[%emt
00:00:27]} 26. Bxg4 {[%clk 00:35:40]} {[%emt 00:00:41]} hxg4 {[%clk 00:17:02]}
{[%emt 00:00:02]} 27. Qxa5 {[%clk 00:35:00]} {[%emt 00:01:10]} Rxa5 {[%clk
00:17:31]} {[%emt 00:00:01]} 28. Kd2 {[%clk 00:34:40]} {[%emt 00:00:49]} Ra8
{[%clk 00:15:41]} {[%emt 00:02:20]} 29. Kc3 {[%clk 00:32:12]} {[%emt 00:02:57]}
Rc7 {[%clk 00:15:26]} {[%emt 00:00:46]} 30. Kb4 {[%clk 00:32:38]} {[%emt
00:00:03]} Nf7 {[%clk 00:15:09]} {[%emt 00:00:49]} 31. Bb6 {[%clk 00:31:31]}
{[%emt 00:01:36]} Rd7 {[%clk 00:15:23]} {[%emt 00:00:17]} 32. Rhe1 {[%clk
00:31:56]} {[%emt 00:00:04]} Nh6 {[%clk 00:14:58]} {[%emt 00:00:55]} 33. Rxe4
{[%clk 00:32:07]} {[%emt 00:00:19]} Nf5 {[%clk 00:15:20]} {[%emt 00:00:09]} 34.
Rxg4 {[%clk 00:32:01]} {[%emt 00:00:35]} Kf7 {[%clk 00:15:49]} 35. Re4 {[%clk
00:30:18]} {[%emt 00:02:12]} Ra6 {[%clk 00:15:58]} {[%emt 00:00:24]} 36. Kb5
{[%emt 00:03:54]} Kf6 37. Rh1 {[%clk 00:26:35]} {[%emt 00:01:32]} Ng7 {[%clk
00:15:44]} {[%emt 00:00:31]} 38. g4 {[%clk 00:26:18]} {[%emt 00:00:45]} 1-0

[Event "DEM U16 2025"]
[Site "Willingen GER"]
[Date "2025.06.11"]
[Round "6"]
[White "Steger, Lukas Daniel"]
[Black "Helms, Finn"]
[Result "1/2-1/2"]
[Termination "normal"]
[Board "10"]
[WhiteElo "2135"]
[BlackElo "2153"]
[WhiteClock "00:02:54"]
[BlackClock "00:04:12"]
[PlyCount "187"]
[WhiteFideId "3335151"]
[BlackFideId "16249143"]
[EventCountry "GER"]
[EventRounds "9"]
[EventType "swiss"]
[EventDate "2025.06.07"]

1. e4 {[%clk 01:30:57]} {[%emt 00:00:01]} c6 {[%clk 01:30:59]} {[%emt
00:00:02]} 2. d4 {[%clk 01:31:11]} {[%emt 00:00:16]} d5 {[%clk 01:31:25]}
{[%emt 00:00:05]} 3. f3 {[%clk 01:31:21]} {[%emt 00:00:19]} Qb6 {[%clk
01:30:41]} {[%emt 00:01:15]} 4. Nc3 {[%clk 01:29:52]} {[%emt 00:01:58]} dxe4
{[%clk 01:29:58]} {[%emt 00:01:13]} 5. Bc4 {[%clk 01:28:16]} {[%emt 00:02:06]}
Nf6 {[%clk 01:23:31]} {[%emt 00:06:57]} 6. fxe4 {[%clk 01:08:08]} {[%emt
00:20:38]} e5 {[%clk 01:21:00]} {[%emt 00:03:01]} 7. dxe5 {[%clk 00:59:12]}
{[%emt 00:09:26]} Ng4 {[%clk 01:20:00]} {[%emt 00:01:31]} 8. Qe2 {[%clk
00:58:25]} {[%emt 00:01:16]} Nxe5 {[%clk 01:17:26]} {[%emt 00:03:04]} 9. Bb3
{[%clk 00:58:02]} {[%emt 00:00:53]} Bb4 {[%clk 00:56:14]} {[%emt 00:21:43]} 10.
Bd2 {[%clk 00:48:47]} {[%emt 00:09:45]} Nbd7 {[%clk 00:51:55]} {[%emt
00:04:48]} 11. Nf3 {[%clk 00:41:35]} {[%emt 00:07:42]} O-O {[%clk 00:51:15]}
{[%emt 00:01:10]} 12. O-O-O {[%clk 00:37:35]} {[%emt 00:04:29]} a5 {[%clk
00:41:06]} {[%emt 00:10:40]} 13. a3 {[%clk 00:31:35]} {[%emt 00:06:30]} Be7
{[%clk 00:39:22]} {[%emt 00:02:14]} 14. Rhf1 {[%clk 00:26:23]} {[%emt
00:05:43]} Qc7 {[%clk 00:36:42]} {[%emt 00:03:10]} 15. Bf4 {[%clk 00:20:42]}
{[%emt 00:06:10]} Bf6 {[%clk 00:29:08]} {[%emt 00:08:04]} 16. Qe3 {[%clk
00:13:03]} {[%emt 00:08:09]} b5 {[%clk 00:21:26]} {[%emt 00:08:13]} 17. a4
{[%clk 00:12:55]} {[%emt 00:00:38]} b4 {[%clk 00:20:35]} {[%emt 00:01:21]} 18.
Ne2 {[%clk 00:13:12]} {[%emt 00:00:13]} Ng4 {[%clk 00:19:55]} {[%emt 00:01:09]}
19. Qd2 {[%clk 00:12:11]} {[%emt 00:01:32]} Qb6 {[%clk 00:19:21]} {[%emt
00:01:04]} 20. h3 {[%clk 00:09:56]} {[%emt 00:02:45]} Nf2 {[%clk 00:18:31]}
{[%emt 00:01:20]} 21. e5 {[%clk 00:07:39]} {[%emt 00:02:48]} Be7 {[%clk
00:14:47]} {[%emt 00:04:13]} 22. Be3 {[%clk 00:02:07]} {[%emt 00:06:01]} Ne4
{[%clk 00:13:50]} {[%emt 00:01:27]} 23. Bxb6 {[%clk 00:01:33]} {[%emt
00:01:05]} Nxd2 {[%clk 00:14:18]} {[%emt 00:00:02]} 24. Rxd2 {[%clk 00:01:33]}
{[%emt 00:00:30]} Nxb6 {[%clk 00:14:43]} {[%emt 00:00:05]} 25. Ned4 {[%clk
00:01:38]} {[%emt 00:00:24]} Bd7 {[%clk 00:06:32]} {[%emt 00:08:42]} 26. e6
{[%clk 00:01:23]} {[%emt 00:00:45]} fxe6 {[%clk 00:06:22]} {[%emt 00:00:40]}
27. Rdf2 {[%clk 00:00:43]} {[%emt 00:01:10]} Nd5 {[%clk 00:05:55]} {[%emt
00:00:57]} 28. Ne5 {[%clk 00:00:49]} {[%emt 00:00:24]} Rxf2 {[%clk 00:05:47]}
{[%emt 00:00:38]} 29. Rxf2 {[%clk 00:01:11]} {[%emt 00:00:09]} Bg5+ {[%clk
00:06:05]} {[%emt 00:00:12]} 30. Kb1 {[%clk 00:00:45]} {[%emt 00:00:56]} Be3
{[%clk 00:06:01]} {[%emt 00:00:33]} 31. Re2 {[%clk 00:00:48]} {[%emt 00:00:28]}
Bxd4 {[%clk 00:06:00]} {[%emt 00:00:31]} 32. Nxd7 {[%clk 00:01:14]} {[%emt
00:00:04]} Rd8 {[%clk 00:02:19]} {[%emt 00:04:11]} 33. Ne5 {[%clk 00:01:02]}
{[%emt 00:00:42]} Bxe5 {[%clk 00:01:53]} {[%emt 00:00:56]} 34. Rxe5 {[%clk
00:01:31]} {[%emt 00:00:01]} Kf7 {[%clk 00:02:06]} {[%emt 00:00:17]} 35. Kc1
{[%clk 00:01:36]} {[%emt 00:00:25]} Ke7 {[%clk 00:01:24]} {[%emt 00:01:12]} 36.
c4 {[%clk 00:01:34]} {[%emt 00:00:32]} bxc3 {[%clk 00:00:53]} {[%emt 00:01:01]}
37. bxc3 {[%clk 00:02:00]} {[%emt 00:00:05]} Kd6 {[%clk 00:00:59]} {[%emt
00:00:23]} 38. Rg5 {[%clk 00:02:18]} {[%emt 00:00:12]} Nxc3 {[%clk 00:00:43]}
{[%emt 00:00:47]} 39. Rxa5 {[%clk 00:02:34]} {[%emt 00:00:14]} Nd5 {[%clk
00:00:42]} {[%emt 00:00:31]} 40. Ra7 {[%clk 00:02:04]} {[%emt 00:01:00]} Rd7
{[%clk 00:00:59]} {[%emt 00:00:12]} 41. Ra8 {[%clk 00:01:58]} {[%emt 00:00:36]}
Rf7 {[%clk 00:24:53]} {[%emt 00:06:36]} 42. a5 {[%clk 00:31:03]} {[%emt
00:01:25]} Kc5 {[%clk 00:23:51]} {[%emt 00:01:33]} 43. Ba4 {[%clk 00:27:41]}
{[%emt 00:03:50]} Kb4 {[%clk 00:19:09]} {[%emt 00:05:11]} 44. Bd1 {[%clk
00:26:18]} {[%emt 00:01:54]} Kc5 {[%clk 00:14:35]} {[%emt 00:05:04]} 45. Bg4
{[%clk 00:23:21]} {[%emt 00:03:26]} Rf1+ {[%clk 00:13:14]} {[%emt 00:01:51]}
46. Kb2 {[%clk 00:21:23]} {[%emt 00:02:29]} Rf2+ {[%clk 00:11:52]} {[%emt
00:01:52]} 47. Kb3 {[%clk 00:21:33]} {[%emt 00:00:19]} Rxg2 {[%clk 00:09:39]}
{[%emt 00:02:44]} 48. Rb8 {[%clk 00:14:36]} {[%emt 00:07:27]} Rg3+ {[%clk
00:07:19]} {[%emt 00:02:50]} 49. Kb2 {[%clk 00:14:38]} {[%emt 00:00:29]} Nb4
{[%clk 00:07:27]} {[%emt 00:00:21]} 50. Bxe6 {[%clk 00:14:06]} {[%emt
00:01:01]} Re3 {[%clk 00:07:47]} {[%emt 00:00:10]} 51. Bg4 {[%clk 00:11:51]}
{[%emt 00:02:45]} Re7 {[%clk 00:07:25]} {[%emt 00:00:52]} 52. Kb3 {[%clk
00:11:35]} {[%emt 00:00:47]} Nd5 {[%clk 00:07:39]} {[%emt 00:00:16]} 53. a6
{[%clk 00:09:28]} {[%emt 00:02:37]} Kd6 {[%clk 00:07:45]} {[%emt 00:00:24]} 54.
Bc8 {[%clk 00:08:00]} {[%emt 00:01:57]} Ra7 {[%clk 00:06:57]} {[%emt 00:01:18]}
55. Bb7 {[%clk 00:07:26]} {[%emt 00:01:05]} Nc7 {[%clk 00:06:21]} {[%emt
00:01:06]} 56. Rg8 {[%clk 00:05:20]} {[%emt 00:02:36]} g6 {[%clk 00:05:00]}
{[%emt 00:01:52]} 57. Rh8 {[%clk 00:04:02]} {[%emt 00:01:47]} Kc5 {[%clk
00:04:27]} {[%emt 00:01:02]} 58. Rc8 {[%clk 00:02:57]} {[%emt 00:01:36]} Kb6
{[%clk 00:04:24]} {[%emt 00:00:33]} 59. Kc4 {[%clk 00:01:53]} {[%emt 00:01:34]}
Nxa6 {[%clk 00:03:00]} {[%emt 00:01:54]} 60. Bxc6 {[%clk 00:02:13]} {[%emt
00:00:10]} Rc7 {[%clk 00:02:56]} {[%emt 00:00:34]} 61. Rxc7 {[%clk 00:02:26]}
{[%emt 00:00:16]} Kxc7 {[%clk 00:03:13]} {[%emt 00:00:14]} 62. Bf3 {[%clk
00:02:00]} {[%emt 00:00:56]} Kd6 {[%clk 00:03:33]} {[%emt 00:00:10]} 63. Kd4
{[%clk 00:02:15]} {[%emt 00:00:15]} Nc5 {[%clk 00:03:00]} {[%emt 00:01:03]} 64.
Bg2 {[%clk 00:01:59]} {[%emt 00:00:45]} Nd7 {[%clk 00:03:05]} {[%emt 00:00:25]}
65. Ke4 {[%clk 00:01:56]} {[%emt 00:00:32]} Ke6 {[%clk 00:03:24]} {[%emt
00:00:12]} 66. Kf4 {[%clk 00:02:18]} {[%emt 00:00:09]} Kf6 {[%clk 00:03:47]}
{[%emt 00:00:07]} 67. Bb7 {[%clk 00:02:02]} {[%emt 00:00:46]} Nc5 {[%clk
00:03:51]} {[%emt 00:00:26]} 68. Bc8 {[%clk 00:02:10]} {[%emt 00:00:22]} Ne6+
{[%clk 00:04:06]} {[%emt 00:00:15]} 69. Kg4 {[%clk 00:02:09]} {[%emt 00:00:31]}
Nd4 {[%clk 00:04:08]} {[%emt 00:00:27]} 70. Bd7 {[%clk 00:02:07]} {[%emt
00:00:33]} h5+ {[%clk 00:03:30]} {[%emt 00:01:08]} 71. Kg3 {[%clk 00:02:23]}
{[%emt 00:00:14]} Ke5 {[%clk 00:03:07]} {[%emt 00:00:53]} 72. Be8 {[%clk
00:01:51]} {[%emt 00:01:02]} Kf5 {[%clk 00:03:07]} {[%emt 00:00:30]} 73. h4
{[%clk 00:01:14]} {[%emt 00:01:07]} Ne2+ {[%clk 00:02:50]} {[%emt 00:00:46]}
74. Kf3 {[%clk 00:01:02]} {[%emt 00:00:43]} Nf4 {[%clk 00:02:36]} {[%emt
00:00:44]} 75. Bd7+ {[%clk 00:01:20]} {[%emt 00:00:12]} Ke5 {[%clk 00:02:56]}
{[%emt 00:00:09]} 76. Be8 {[%clk 00:01:37]} {[%emt 00:00:14]} Kf5 {[%clk
00:02:59]} {[%emt 00:00:27]} 77. Bd7+ {[%clk 00:02:03]} {[%emt 00:00:03]} Ne6
{[%clk 00:02:56]} {[%emt 00:00:34]} 78. Bc8 {[%clk 00:01:59]} {[%emt 00:00:34]}
Ke5 {[%clk 00:03:06]} {[%emt 00:00:20]} 79. Bd7 {[%clk 00:02:07]} {[%emt
00:00:22]} Ng7 {[%clk 00:03:25]} {[%emt 00:00:11]} 80. Kg3 {[%clk 00:02:09]}
{[%emt 00:00:28]} Nf5+ {[%clk 00:03:35]} {[%emt 00:00:20]} 81. Kh3 {[%clk
00:02:27]} {[%emt 00:00:12]} Nd4 {[%clk 00:02:34]} {[%emt 00:01:31]} 82. Be8
{[%clk 00:02:26]} {[%emt 00:00:31]} Kf5 {[%clk 00:02:53]} {[%emt 00:00:11]} 83.
Bd7+ {[%clk 00:02:45]} {[%emt 00:00:11]} Ke5 {[%clk 00:02:58]} {[%emt
00:00:25]} 84. Be8 {[%clk 00:03:04]} {[%emt 00:00:11]} Ne2 {[%clk 00:03:19]}
{[%emt 00:00:08]} 85. Bf7 {[%clk 00:02:35]} {[%emt 00:01:00]} Kd4 {[%clk
00:03:36]} {[%emt 00:00:12]} 86. Kh2 {[%clk 00:02:11]} {[%emt 00:00:55]} Nf4
{[%clk 00:03:58]} {[%emt 00:00:07]} 87. Kg3 {[%clk 00:02:29]} {[%emt 00:00:13]}
Ke3 {[%clk 00:03:54]} {[%emt 00:00:33]} 88. Be8 {[%clk 00:02:44]} {[%emt
00:00:16]} Ne2 {[%clk 00:04:19]} {[%emt 00:00:05]} 89. Kh2 {[%clk 00:02:47]}
{[%emt 00:00:27]} Nf4 {[%clk 00:03:23]} {[%emt 00:01:26]} 90. Kg3 {[%clk
00:03:14]} {[%emt 00:00:03]} Ke4 {[%clk 00:03:49]} {[%emt 00:00:04]} 91. Bc6+
{[%clk 00:02:53]} {[%emt 00:00:51]} Ke5 {[%clk 00:04:06]} {[%emt 00:00:12]} 92.
Be8 {[%clk 00:03:05]} {[%emt 00:00:18]} Ne2+ {[%clk 00:03:49]} {[%emt
00:00:48]} 93. Kf2 {[%clk 00:03:09]} {[%emt 00:00:26]} Nf4 {[%clk 00:04:12]}
{[%emt 00:00:07]} 94. Kf3 {[%clk 00:02:54]} {[%emt 00:00:44]} 1/2-1/2

[Event "DEM U16 2025"]
[Site "Willingen GER"]
[Date "2025.06.11"]
[Round "6"]
[White "Skembris, Simon Max"]
[Black "Sreeramulu, Aarush"]
[Result "1-0"]
[Termination "normal"]
[Board "11"]
[WhiteTitle "CM"]
[WhiteElo "2199"]
[BlackElo "2032"]
[WhiteClock "00:46:05"]
[BlackClock "00:16:01"]
[PlyCount "102"]
[WhiteFideId "16281381"]
[BlackFideId "34610685"]
[EventCountry "GER"]
[EventRounds "9"]
[EventType "swiss"]
[EventDate "2025.06.07"]

1. e4 {[%clk 01:30:57]} {[%emt 00:00:01]} c6 {[%clk 01:30:53]} {[%emt
00:00:07]} 2. d4 {[%clk 01:31:23]} {[%emt 00:00:05]} d5 {[%clk 01:31:19]}
{[%emt 00:00:04]} 3. Nc3 {[%clk 01:31:48]} {[%emt 00:00:04]} dxe4 {[%clk
01:31:43]} {[%emt 00:00:06]} 4. Nxe4 {[%clk 01:32:13]} {[%emt 00:00:05]} Nf6
{[%clk 01:32:08]} {[%emt 00:00:06]} 5. Nxf6+ {[%clk 01:32:36]} {[%emt
00:00:07]} exf6 {[%clk 01:32:32]} {[%emt 00:00:06]} 6. c3 {[%clk 01:32:52]}
{[%emt 00:00:15]} Bd6 {[%clk 01:32:55]} {[%emt 00:00:06]} 7. Bd3 {[%clk
01:33:16]} {[%emt 00:00:07]} O-O {[%clk 01:33:19]} {[%emt 00:00:05]} 8. Qc2
{[%clk 01:33:40]} {[%emt 00:00:05]} Re8+ {[%clk 01:33:45]} {[%emt 00:00:03]} 9.
Ne2 {[%clk 01:34:05]} {[%emt 00:00:06]} h5 {[%clk 01:34:12]} {[%emt 00:00:04]}
10. O-O {[%clk 01:34:26]} {[%emt 00:00:09]} h4 {[%clk 01:34:25]} {[%emt
00:00:16]} 11. h3 {[%clk 01:34:21]} {[%emt 00:00:36]} Nd7 {[%clk 01:34:35]}
{[%emt 00:00:19]} 12. Be3 {[%clk 01:33:14]} {[%emt 00:01:38]} Nf8 {[%clk
01:34:47]} {[%emt 00:00:18]} 13. c4 {[%clk 01:30:20]} {[%emt 00:03:25]} Bb8
{[%clk 01:31:44]} {[%emt 00:03:33]} 14. Rad1 {[%clk 01:26:55]} {[%emt
00:03:55]} Qc7 {[%clk 01:28:26]} {[%emt 00:03:48]} 15. Bf4 {[%clk 01:24:03]}
{[%emt 00:03:21]} Rxe2 {[%clk 01:27:46]} {[%emt 00:01:11]} 16. Bxc7 {[%clk
01:24:20]} {[%emt 00:00:14]} Rxc2 {[%clk 01:28:10]} {[%emt 00:00:05]} 17. Bxc2
{[%clk 01:23:03]} {[%emt 00:01:47]} Bxc7 {[%clk 01:27:58]} {[%emt 00:00:42]}
18. Rfe1 {[%clk 01:22:35]} {[%emt 00:00:58]} Bd7 {[%clk 01:23:44]} {[%emt
00:04:44]} 19. Be4 {[%clk 01:21:01]} {[%emt 00:02:04]} Rb8 {[%clk 01:12:14]}
{[%emt 00:12:00]} 20. d5 {[%clk 01:18:27]} {[%emt 00:03:05]} cxd5 {[%clk
01:09:38]} {[%emt 00:03:05]} 21. Bxd5 {[%clk 01:16:23]} {[%emt 00:02:33]} Be6
{[%clk 01:08:54]} {[%emt 00:01:15]} 22. Re4 {[%clk 01:10:38]} {[%emt 00:06:15]}
g5 {[%clk 01:05:46]} {[%emt 00:03:39]} 23. Re3 {[%clk 01:08:24]} {[%emt
00:02:45]} Rd8 {[%clk 01:00:44]} {[%emt 00:05:31]} 24. Red3 {[%clk 01:05:01]}
{[%emt 00:03:52]} Bxd5 {[%clk 00:58:06]} {[%emt 00:03:08]} 25. Rxd5 {[%clk
01:04:44]} {[%emt 00:00:48]} Re8 {[%clk 00:57:06]} {[%emt 00:01:29]} 26. Kf1
{[%clk 01:02:22]} {[%emt 00:02:52]} Re4 {[%clk 00:52:36]} {[%emt 00:05:01]} 27.
b3 {[%clk 00:59:02]} {[%emt 00:03:49]} Kg7 {[%clk 00:48:25]} {[%emt 00:04:41]}
28. Rb5 {[%clk 00:56:52]} {[%emt 00:02:40]} b6 {[%clk 00:44:10]} {[%emt
00:04:45]} 29. Re1 {[%clk 00:55:17]} {[%emt 00:02:04]} Rxe1+ {[%clk 00:32:51]}
{[%emt 00:11:49]} 30. Kxe1 {[%clk 00:55:12]} {[%emt 00:00:35]} Ne6 {[%clk
00:32:45]} {[%emt 00:00:36]} 31. Rd5 {[%clk 00:54:30]} {[%emt 00:01:12]} Kf8
{[%clk 00:30:39]} {[%emt 00:02:36]} 32. Rd1 {[%clk 00:52:51]} {[%emt 00:02:09]}
Ke7 {[%clk 00:28:25]} {[%emt 00:02:44]} 33. Ke2 {[%clk 00:53:10]} {[%emt
00:00:11]} Bd6 {[%clk 00:19:57]} {[%emt 00:08:58]} 34. Kf3 {[%clk 00:52:03]}
{[%emt 00:01:36]} Nf4 {[%clk 00:19:53]} {[%emt 00:00:34]} 35. Rd2 {[%clk
00:47:26]} {[%emt 00:05:08]} Be5 {[%clk 00:17:13]} {[%emt 00:03:10]} 36. Rd1
{[%clk 00:41:43]} {[%emt 00:06:13]} Bd6 {[%clk 00:15:07]} {[%emt 00:02:35]} 37.
Rd2 {[%clk 00:41:20]} {[%emt 00:00:53]} Be5 {[%clk 00:14:57]} {[%emt 00:00:41]}
38. Rd1 {[%clk 00:41:19]} {[%emt 00:00:31]} f5 {[%clk 00:14:16]} {[%emt
00:01:10]} 39. b4 {[%clk 00:36:57]} {[%emt 00:04:52]} Bd6 {[%clk 00:13:17]}
{[%emt 00:01:29]} 40. a3 {[%clk 00:36:54]} {[%emt 00:00:34]} a5 {[%clk
00:06:56]} {[%emt 00:06:50]} 41. c5 {[%clk 00:27:17]} {[%emt 00:10:08]} bxc5
{[%clk 00:02:50]} {[%emt 00:04:36]} 42. bxa5 {[%clk 00:27:14]} {[%emt
00:00:33]} Bc7 {[%clk 00:02:05]} {[%emt 00:01:14]} 43. a6 {[%clk 00:26:43]}
{[%emt 00:01:02]} Bb6 {[%clk 00:02:02]} {[%emt 00:00:33]} 44. g3 {[%clk
00:20:19]} {[%emt 00:06:53]} Ng6 {[%clk 00:24:24]} {[%emt 00:08:08]} 45. Rb1
{[%clk 00:48:11]} {[%emt 00:02:38]} Ne5+ {[%clk 00:24:46]} {[%emt 00:00:09]}
46. Ke2 {[%clk 00:48:12]} {[%emt 00:00:28]} Nd7 {[%clk 00:23:32]} {[%emt
00:01:43]} 47. gxh4 {[%clk 00:48:14]} {[%emt 00:00:29]} gxh4 {[%clk 00:23:43]}
{[%emt 00:00:20]} 48. a4 {[%clk 00:46:45]} {[%emt 00:01:58]} Kd6 {[%clk
00:15:51]} {[%emt 00:08:23]} 49. a5 {[%clk 00:46:18]} {[%emt 00:00:56]} Ba7
{[%clk 00:15:35]} {[%emt 00:00:47]} 50. Rb7 {[%clk 00:46:14]} {[%emt 00:00:33]}
Bb8 {[%clk 00:16:01]} {[%emt 00:00:05]} 51. Rxb8 {[%clk 00:46:05]} {[%emt
00:00:38]} Kd5 {[%emt 00:00:23]} 1-0

[Event "DEM U16 2025"]
[Site "Willingen GER"]
[Date "2025.06.11"]
[Round "6"]
[White "Riechenberg, Sebastian"]
[Black "Zomartova, Ilya"]
[Result "1-0"]
[Termination "normal"]
[Board "12"]
[WhiteElo "2101"]
[BlackElo "1962"]
[WhiteClock "01:03:46"]
[BlackClock "01:20:17"]
[PlyCount "59"]
[WhiteFideId "34605231"]
[BlackFideId "13630946"]
[EventCountry "GER"]
[EventRounds "9"]
[EventType "swiss"]
[EventDate "2025.06.07"]

1. d4 {[%clk 01:30:59]} d5 {[%clk 01:30:45]} {[%emt 00:00:15]} 2. c4 {[%clk
01:31:22]} {[%emt 00:00:08]} e6 {[%clk 01:31:11]} {[%emt 00:00:04]} 3. Nf3
{[%clk 01:31:40]} {[%emt 00:00:11]} Nf6 {[%clk 01:31:27]} {[%emt 00:00:15]} 4.
g3 {[%clk 01:32:06]} {[%emt 00:00:04]} Be7 {[%clk 01:31:49]} {[%emt 00:00:08]}
5. Bg2 {[%clk 01:32:32]} {[%emt 00:00:03]} O-O {[%clk 01:32:07]} {[%emt
00:00:12]} 6. O-O {[%clk 01:32:57]} {[%emt 00:00:04]} dxc4 {[%clk 01:32:20]}
{[%emt 00:00:18]} 7. Qc2 {[%clk 01:33:24]} {[%emt 00:00:03]} Bd7 {[%clk
01:32:23]} {[%emt 00:00:27]} 8. Qxc4 {[%clk 01:33:33]} {[%emt 00:00:22]} Bc6
{[%clk 01:32:45]} {[%emt 00:00:07]} 9. Bg5 {[%clk 01:33:55]} {[%emt 00:00:07]}
Bd5 {[%clk 01:32:14]} {[%emt 00:01:02]} 10. Qc2 {[%clk 01:34:14]} {[%emt
00:00:11]} Be4 {[%clk 01:31:26]} {[%emt 00:01:19]} 11. Qc1 {[%clk 01:34:31]}
{[%emt 00:00:13]} Nbd7 {[%emt 00:06:39]} 12. Nc3 {[%clk 01:34:24]} {[%emt
00:00:22]} Bc6 {[%clk 01:25:41]} {[%emt 00:00:21]} 13. Qc2 {[%clk 01:33:53]}
{[%emt 00:01:00]} Nd5 {[%clk 01:23:58]} {[%emt 00:02:13]} 14. Bxe7 {[%clk
01:33:20]} {[%emt 00:01:03]} Qxe7 {[%clk 01:24:09]} {[%emt 00:00:20]} 15. e4
{[%clk 01:33:40]} {[%emt 00:00:08]} N5f6 {[%clk 01:23:46]} {[%emt 00:00:54]}
16. Rfe1 {[%clk 01:30:47]} {[%emt 00:03:24]} Nb6 {[%clk 01:22:41]} {[%emt
00:01:35]} 17. Ne5 {[%clk 01:28:53]} {[%emt 00:02:23]} Be8 {[%clk 01:22:47]}
{[%emt 00:00:24]} 18. Rad1 {[%clk 01:28:13]} {[%emt 00:01:10]} Rd8 {[%clk
01:22:41]} {[%emt 00:00:37]} 19. Ne2 {[%clk 01:26:04]} {[%emt 00:02:39]} a5
{[%clk 01:22:09]} {[%emt 00:01:02]} 20. Rc1 {[%clk 01:18:27]} {[%emt 00:08:06]}
c6 {[%clk 01:22:21]} {[%emt 00:00:19]} 21. f4 {[%clk 01:15:31]} {[%emt
00:03:25]} Nfd7 {[%clk 01:21:27]} {[%emt 00:01:24]} 22. Nd3 {[%clk 01:15:15]}
{[%emt 00:00:46]} f6 {[%clk 01:21:22]} {[%emt 00:00:36]} 23. d5 {[%clk
01:09:28]} {[%emt 00:06:16]} exd5 {[%clk 01:20:15]} {[%emt 00:01:37]} 24. Nd4
{[%clk 01:09:26]} {[%emt 00:00:31]} Bf7 {[%clk 01:20:06]} {[%emt 00:00:40]} 25.
exd5 {[%clk 01:09:29]} {[%emt 00:00:28]} Qd6 {[%clk 01:20:18]} {[%emt
00:00:17]} 26. Ne6 {[%clk 01:08:34]} {[%emt 00:01:25]} Nxd5 {[%clk 01:20:18]}
{[%emt 00:00:31]} 27. Nxd8 {[%clk 01:07:42]} {[%emt 00:01:21]} Rxd8 {[%clk
01:20:46]} {[%emt 00:00:02]} 28. Nc5 {[%clk 01:07:49]} {[%emt 00:00:23]} Nb4
{[%clk 01:20:25]} {[%emt 00:00:52]} 29. Red1 {[%clk 01:03:50]} {[%emt
00:04:28]} Qe7 {[%clk 01:20:17]} {[%emt 00:00:38]} 30. Qd2 {[%clk 01:03:46]}
{[%emt 00:00:35]} 1-0